| 000 | nam a22 7a 4500 | ||
|---|---|---|---|
| 999 |
_c129810 _d129810 |
||
| 008 | 190905b xxu||||| |||| 00| 0 eng d | ||
| 050 |
_aSPC. DT1.T50 _bN576 |
||
| 100 |
_aNgouoni, Parnel L. _948075 |
||
| 245 |
_aImperialism in Africa _bneo-colonialism and the new scramble for Africa _cParnel L. Ngouoni |
||
| 260 |
_aHarare _bArrupe Jesuit University _c2019 |
||
| 300 |
_a114p. ; _c31cm. |
||
| 500 | _aThesis | ||
| 650 |
_aImperialism _zAfrica _948076 |
||
| 651 |
_aAfrica _xPolitics _y1960- _940705 |
||
| 942 |
_2lcc _cSPC |
||